Cómo fue vista en el Area Metropolitana de San José la huelga de Limón en abril de 1975: resultados de una encuesta /
Resultados de una encuesta de opinión pública sobre la huelga de Limón, Costa Rica, en el año 1975. Encuesta aplicada a adultos, mayores de 18 años, residentes en el Area Metropolitana de San José y pertenecientes a diversos estratos sociales. Agrupa las preguntas en: A) opiniones sobre diferentes a...
Spremljeno u:
| Glavni autor: | |
|---|---|
| Daljnji autori: | |
| Format: | Tekst |
| Izdano: |
San José:
Casa Presidencial. Oficina de Información
|
| Teme: | |
| Oznake: |
Dodaj oznaku
Bez oznaka, Budi prvi tko označuje ovaj zapis!
|
MARC
| LEADER | 00000 a a2200000 04500 | ||
|---|---|---|---|
| 001 | 15355 | ||
| 003 | |||
| 040 | |||
| 090 | |a 024000 | ||
| 100 | |a Gómez Barrantes, Miguel | ||
| 245 | |a Cómo fue vista en el Area Metropolitana de San José la huelga de Limón en abril de 1975: resultados de una encuesta / |c Miguel Gómez Barrantes | ||
| 260 | |a San José: |b Casa Presidencial. Oficina de Información | ||
| 300 | |a 4, 58 p | ||
| 520 | |a Resultados de una encuesta de opinión pública sobre la huelga de Limón, Costa Rica, en el año 1975. Encuesta aplicada a adultos, mayores de 18 años, residentes en el Area Metropolitana de San José y pertenecientes a diversos estratos sociales. Agrupa las preguntas en: A) opiniones sobre diferentes aspectos de la huelga y canales por los cuales los entrevistados recibieron la información B) características socioeconómicas de los encuestados y C) participación política de ellos en las últimas elecciones. ALLV | ||
| 650 | |a HUELGAS | ||
| 650 | |a OPINION PUBLICA | ||
| 650 | |a LIMON, CR | ||
| 650 | |a ENCUESTAS | ||
| 700 | |a Bermúdez Méndez, Vera Violeta | ||
| 999 | |c 11867 |d 11867 | ||
